<?xml version="1.0" encoding="UTF-8"?>
<collection xmlns="http://www.loc.gov/MARC21/slim">
 <record>
  <leader>02459cas a2200277 a 4500</leader>
  <controlfield tag="001">AALejournalIMF021983</controlfield>
  <controlfield tag="008">230101c9999    xx  r poo     0    0eng d</controlfield>
  <datafield tag="020" ind1=" " ind2=" ">
   <subfield code="c">20.00 USD</subfield>
  </datafield>
  <datafield tag="020" ind1=" " ind2=" ">
   <subfield code="z">9781475510812</subfield>
  </datafield>
  <datafield tag="022" ind1=" " ind2=" ">
   <subfield code="a">2071-4122</subfield>
  </datafield>
  <datafield tag="040" ind1=" " ind2=" ">
   <subfield code="a">BD-DhAAL</subfield>
   <subfield code="c">BD-DhAAL</subfield>
  </datafield>
  <datafield tag="110" ind1="2" ind2=" ">
   <subfield code="a">International Monetary Fund.</subfield>
   <subfield code="b">Middle East and Central Asia Dept.</subfield>
  </datafield>
  <datafield tag="245" ind1="1" ind2="0">
   <subfield code="a">Regional Economic Outlook, November 2012, Middle East and Central Asia.</subfield>
  </datafield>
  <datafield tag="264" ind1=" " ind2="1">
   <subfield code="a">Washington, D.C. :</subfield>
   <subfield code="b">International Monetary Fund,</subfield>
   <subfield code="c">2012.</subfield>
  </datafield>
  <datafield tag="300" ind1=" " ind2=" ">
   <subfield code="a">1 online resource (131 pages)</subfield>
  </datafield>
  <datafield tag="490" ind1="1" ind2=" ">
   <subfield code="a">Regional Economic Outlook</subfield>
  </datafield>
  <datafield tag="500" ind1=" " ind2=" ">
   <subfield code="a">&lt;strong&gt;Off-Campus Access:&lt;/strong&gt; No User ID or Password Required</subfield>
  </datafield>
  <datafield tag="500" ind1=" " ind2=" ">
   <subfield code="a">&lt;strong&gt;On-Campus Access:&lt;/strong&gt; No User ID or Password Required</subfield>
  </datafield>
  <datafield tag="506" ind1=" " ind2=" ">
   <subfield code="a">Electronic access restricted to authorized BRAC University faculty, staff and students</subfield>
  </datafield>
  <datafield tag="520" ind1="3" ind2=" ">
   <subfield code="a">The outlook for the Middle East and North Africa region is mixed. Oil-importing countries are witnessing tepid growth, and the moderate recovery expected in 2013 is subject to heightened downside risks. For the Arab countries in transition, ongoing political transitions also weigh on growth. With policy buffers largely eroded, the need for action on macroeconomic stabilization and growth-oriented reforms is becoming increasingly urgent. Countries will need to put in place safety nets to protect the poor and build consensus for some difficult fiscal choices. The region's oil exporters are expected to post solid growth in 2012, in part due to Libya's better-than-expected postwar recovery. In the countries of the Gulf Cooperation Council, robust growth is supported by expansionary fiscal policies and accommodative monetary conditions. In the Caucasus and Central Asia, the outlook remains favorable, reflecting high oil prices that are benefiting oil and gas exporters, supportive commodity prices and remittance inflows benefiting oil and gas importers, and, for both groups, moderate direct exposure to Europe. The positive outlook provides an opportunity to strengthen policy buffers to prepare for any downside risks.</subfield>
  </datafield>
  <datafield tag="538" ind1=" " ind2=" ">
   <subfield code="a">Mode of access: Internet</subfield>
  </datafield>
  <datafield tag="650" ind1=" " ind2="7">
   <subfield code="a">Foreign Exchange</subfield>
   <subfield code="2">imf</subfield>
  </datafield>
  <datafield tag="650" ind1=" " ind2="7">
   <subfield code="a">International Agreements and Observance</subfield>
   <subfield code="2">imf</subfield>
  </datafield>
  <datafield tag="650" ind1=" " ind2="7">
   <subfield code="a">International Organizations</subfield>
   <subfield code="2">imf</subfield>
  </datafield>
  <datafield tag="830" ind1=" " ind2="0">
   <subfield code="a">Regional Economic Outlook</subfield>
  </datafield>
  <datafield tag="856" ind1="4" ind2="0">
   <subfield code="z">Full text available on IMF</subfield>
   <subfield code="u">http://elibrary.imf.org/view/books/086/20014-9781475510812-en/20014-9781475510812-en-book.xml</subfield>
   <subfield code="z">IMF e-Library</subfield>
  </datafield>
 </record>
</collection>
